01241nam a22003497a 4500003000500000005001700005008004100022010001000063011001000073035001000083040000900093090001000102100004300112245007900155260003800234300001000272502009500282590003700377590004100414590004100455590004100496590004200537650002700579650002900606650003200635650002600667901000700693942001000700949003600710999001700746952012800763CHAP20220329140740.0971013s1983 r 00010 d a57004 a57976 a62131 cCHAP aTesis00aSolano David, César Augusto.9108340 aprograma de capacitación técnica en el proceso del ordeño mecánico aMéxico, D.F. :bEl autor,c1983 a73 h. aTesis (Médico Veterinario Zootecnista) -- UNAM. Fac. de Medicina Veterinaria y Zootecnia aALEPHb10c20130110lUCH01h1335 aBATCH-UPDb10c20130110lUCH01h0937 aBATCH-UPDb10c20130410lUCH01h0555 aBATCH-UPDb10c20130914lUCH01h0838 aCONVERSIONb10c20130109lUCH01h133114aCapacitación.91869014aGranjas lecheras.95040714aLechexProducción.96540014aOrdeñadoras.983425 aBK cTESIS bBCcTESd-133191eTS1i62131si c57004d57004 00102local4051718TESISaBCbBCcPA_TESISd2012-12-17fTESISl0oTesisp-133191r2019-12-31 00:00:00w2019-12-31yTESIS